Ahora las mujeres se mandan solas Migracin̤ transnacional y relaciones de gňero /

Detalles Bibliográficos
Autor principal: Correa Castro, Yolanda
Formato: eBook
Lenguaje:español
Publicado: Mx̌ico D.F.: Plaza y Valdš Editores, 2009
Materias:
Acceso en línea:Acceso restringido

MARC

LEADER 00000nam a22000007a 4500
005 20130711153434.0
007 cr|||| ||||
008 130711s2009 mx |||||s|||| 00||0 spa d
020 |a 978-607-402-164-6 
035 |a 11394 
040 |a vLex 
090 |c 4425  |d 4425 
100 1 |a Correa Castro, Yolanda 
245 1 0 |a Ahora las mujeres se mandan solas  |h [Recurso electrn̤ico] :  |b Migracin̤ transnacional y relaciones de gňero /  |c Yolanda Correa Castro  
256 |a Servicio en ln̕ea 
260 |a Mx̌ico D.F.:  |b Plaza y Valdš Editores,  |c 2009 
300 |a 1 recurso electrn̤ico 
506 1 |a Contenido solo disponible en los productos indicados  |d vLex Global  |d vLex Global (Academic Edition, excluding Law Schools)  |d vLex Global (U.S. Academic Edition, Law Schools)  |d vLex Global (U.S. Academic Edition, excluding Law Schools)  |d vLex Global (Academic Edition, Law Schools) 
650 0 4 |a Emigracin̤ e inmigracin̤  |z Mx̌ico 
740 0 |a vLex Libros (Servicio en ln̕ea) 
856 4 0 |u http://vlex.com/source/ahora-las-mujeres-se-mandan-solas-migracion-transnacional-y-relaciones-de-genero-11394  |z Acceso restringido 
942 |c BOOK 
999 0 |a Emigration and immigration